Capitals of Africa - One Minute Sprint - Statistics

General Stats
  • This quiz has been taken 448 times
    386 since last reset
  • The average score is 29 of 54
Answer Stats
Country Capital % Correct
Algeria Algiers
89%
Egypt Cairo
82%
D.R. Congo Kinshasa
82%
Angola Luanda
79%
Ethiopia Addis Ababa
76%
Djibouti Djibouti
70%
Kenya Nairobi
69%
Ghana Accra
68%
Central African Republic Bangui
68%
Gabon Libreville
68%
Gambia Banjul
66%
R. Congo Brazzaville
65%
Benin Porto-Novo
65%
Morocco Rabat
65%
Libya Tripoli
63%
Botswana Gaborone
62%
Nigeria Abuja
61%
Burundi Gitega
61%
Equatorial Guinea Malabo
61%
Lesotho Maseru
61%
Eritrea Asmara
59%
Burkina Faso Ouagadougou
59%
Eswatini Mbabane
58%
Chad N'Djamena
58%
Comoros Moroni
54%
Cape Verde Praia
54%
South Africa Pretoria
54%
Guinea-Bissau Bissau
52%
Cameroon Yaounde
52%
Guinea Conakry
51%
Malawi Lilongwe
51%
Mozambique Maputo
51%
Niger Niamey
51%
Tunisia Tunis
51%
Rwanda Kigali
49%
Liberia Monrovia
49%
Senegal Dakar
45%
South Sudan Juba
45%
Sudan Khartoum
45%
Somalia Mogadishu
44%
Sierra Leone Freetown
42%
Zambia Lusaka
42%
Mali Bamako
41%
Namibia Windhoek
41%
Tanzania Dodoma
39%
Madagascar Antananarivo
38%
Uganda Kampala
38%
Mauritius Port Louis
38%
Seychelles Victoria
38%
Sao Tome & Principe Sao Tome
37%
Cote d'Ivoire Yamoussoukro
37%
Togo Lome
34%
Mauritania Nouakchott
34%
Zimbabwe Harare
27%
No matching quizzes found
Score Distribution
Percent of People with Each Score
Percentile by Number Answered
Your Score History
You have not taken this quiz since the last reset